Исследование водной системы Ладожское озеро- река Нева - Невская губа и восточная часть Финского залива: результаты исследований 1981-1982 гг.

Dades bibliogràfiques
Autor corporatiu: Государственный комитет СССР по гидрометеорологии
Altres autors: Шикломанов И. А. (редактор), Преображенский Л. Ю.
Idioma:rus
Publicat: Санкт-Петербург, Гидрометеоиздат, 1988
Col·lecció:Труды Государственного гидрологического института Вып. 321
Matèries:
Format: MixedMaterials Llibre
KOHA link:https://koha.lib.tpu.ru/cgi-bin/koha/opac-detail.pl?biblionumber=258756

MARC

LEADER 00000nam0a2200000 4500
001 258756
005 20231101233325.0
020 |a RU 
035 |a (RuTPU)RU\TPU\book\281644 
035 |a RU\TPU\book\177519 
090 |a 258756 
100 |a 20140428d1988 k y0rusy5003 ca 
101 0 |a rus 
102 |a RU 
105 |a a z 001zy 
200 1 |a Исследование водной системы Ладожское озеро- река Нева - Невская губа и восточная часть Финского залива  |e результаты исследований 1981-1982 гг.  |f Государственный комитет СССР по гидрометеорологии ; под ред. И. А. Шикломанов ; под ред. Л. Ю. Преображенского 
210 |a Санкт-Петербург  |c Гидрометеоиздат  |d 1988 
215 |a 151 с.  |c ил. 
225 1 |a Труды Государственного гидрологического института  |v Вып. 321 
320 |a Библиография в конце статей 
606 1 |a Экосистемы водные  |2 stltpush  |3 (RuTPU)RU\TPU\subj\38866  |9 59117 
610 1 |a гидрология 
610 1 |a речной сток 
610 1 |a расчеты 
610 1 |a информация 
610 1 |a обработка 
610 1 |a анализ 
610 1 |a сборники 
675 |a 504.4  |v 3 
702 1 |a Шикломанов  |b И. А.  |4 340 
702 1 |a Преображенский  |b Л. Ю.  |4 340 
712 0 2 |a Государственный комитет СССР по гидрометеорологии  |2 stltpush  |3 (RuTPU)RU\TPU\col\18282  |9 26959 
801 0 |a RU  |b 63413507  |c 19950417  |g psbo 
801 1 |a RU  |b 63413507  |c 20090819 
801 2 |a RU  |b 63413507  |c 20141127  |g RCR 
942 |c BK